000 00402pab a2200145 454500
008 180718b1987 xxu||||| |||| 00| 0 eng d
100 _aAustin, R.C.
245 _aThe wright affairs - the wrong response
_bConstitutional aspects of the wright affair
260 _c1987
300 _a319-24
362 _aJuly
650 _aOfficial Secrets - U.K.
773 _aParliamentary Affairs
909 _a14362
999 _c14362
_d14362